Balance sheets and the lending banker / (Record no. 344879)

000 -LEADER
fixed length control field 00824 a2200205 4500
020 ## - INTERNATIONAL STANDARD BOOK NUMBER
International Standard Book Number 0946653291
020 ## - INTERNATIONAL STANDARD BOOK NUMBER
International Standard Book Number 9780946653294
090 ## - LOCALLY ASSIGNED LC-TYPE CALL NUMBER (OCLC); LOCAL CALL NUMBER (RLIN)
-- 2381
-- 2381
100 1# - MAIN ENTRY--PERSONAL NAME
Personal name Clemens, J.H.
245 10 - TITLE STATEMENT
Title Balance sheets and the lending banker /
Statement of responsibility, etc. J.H. Clemens.
250 ## - EDITION STATEMENT
Edition statement 6th ed.
260 ## - PUBLICATION, DISTRIBUTION, ETC.
Place of publication, distribution, etc. [S.l.] :
Name of publisher, distributor, etc. Europa Publications Ltd,
Date of publication, distribution, etc. 1999.
300 ## - PHYSICAL DESCRIPTION
Extent 312 p.
500 ## - GENERAL NOTE
General note Paperback.
520 ## - SUMMARY, ETC.
Summary, etc. This work includes the terminologies, formats and requirements of the Companies Act of 1985. It deals with the current Statements of Standard Accounting Practice.
700 1# - ADDED ENTRY--PERSONAL NAME
Personal name Dyer, Lewis Stuart.
856 40 - ELECTRONIC LOCATION AND ACCESS
Materials specified Amazon.com
Uniform Resource Identifier <a href="http://www.amazon.com/exec/obidos/ASIN/0946653291/chopaconline-20">http://www.amazon.com/exec/obidos/ASIN/0946653291/chopaconline-20</a>
856 40 - ELECTRONIC LOCATION AND ACCESS
Materials specified Amazon customer reviews
Uniform Resource Identifier <a href="http://www.chopac.org/cgi-bin/tools/azrev.pl?q=0946653291">http://www.chopac.org/cgi-bin/tools/azrev.pl?q=0946653291</a>
942 ## - ADDED ENTRY ELEMENTS (KOHA)
Institution code [OBSOLETE] NBS
Koha item type Book
Call number prefix 657.33024332 CLE
Holdings
Withdrawn status Lost status Damaged status Not for loan Permanent Location Current Location Date acquired Total Checkouts Full call number Barcode Date last seen Price effective from Koha item type
        Central Library (CL) Central Library (CL) 08/28/2013   657.33024332 CLE NBS4878 08/28/2013 08/28/2013 Book
© 2023 Central Library, National University of Sciences and Technology. All Rights Reserved.